[Event "Campeonato de Madrid 2008/2009"]
[Site "Madrid ESP"]
[Date "2009.02.27"]
[Round "4.5"]
[White "Vazquez Torres, Adrian"]
[Black "Longa Yauca, Javier"]
[Result "1-0"]
[WhiteElo "2065"]
[BlackElo "2312"]
[PlyCount "125"]
[EventDate "2009.02.24"]
[EventType "tourn"]
[EventRounds "11"]
[EventCountry "ESP"]
[EventCategory "3"]
[Source "lmi"]
[SourceDate "2009.02.24"]

1. e4 e6 2. d4 d5 3. exd5 exd5 4. Bd3 Bd6 5. Nf3 Ne7 6. O-O O-O 7. c3 c6 8. Qc2
h6 9. b3 Be6 10. Bb2 Nd7 11. Nbd2 Re8 12. Rae1 Nf8 13. Ne5 f6 14. Nef3 g5 15.
Re2 Bf7 16. Rfe1 Nfg6 17. g3 Qd7 18. c4 Kg7 19. Ne5 Nxe5 20. dxe5 Bxe5 21. Bxe5
fxe5 22. Rxe5 Ng6 23. Bxg6 Bxg6 24. Qb2 Kh7 25. cxd5 cxd5 26. Qd4 Qg7 27. Kf1
Rad8 28. b4 Rxe5 29. Rxe5 b6 30. Nb3 Qd7 31. Kg2 g4 32. Nd2 Qg7 33. a4 Rd7 34.
Qxg4 d4 35. Re6 h5 36. Qg5 Qf7 37. Rf6 Qd5+ 38. Qxd5 Rxd5 39. Re6 Rd7 40. Kf3
Kg7 41. Ke2 Rc7 42. f3 Kf7 43. Rd6 d3+ 44. Ke3 Rc2 45. Rd7+ Ke6 46. Rxa7 Rb2
47. b5 Kd5 48. Rg7 Be8 49. Rg5+ Ke6 50. Kxd3 Ra2 51. Nc4 Kf6 52. Rd5 Rxa4 53.
Rd6+ Ke7 54. Rxb6 Ra2 55. Rb7+ Kf6 56. Nd2 Ra3+ 57. Kc4 Ra2 58. Ne4+ Kg6 59.
Nd6 Bxb5+ 60. Rxb5 Rxh2 61. Ne4 h4 62. Rb6+ Kf5 63. Kd4 1-0

[Event "Campeonato de Madrid 2008/2009"]
[Site "Madrid ESP"]
[Date "2009.02.27"]
[Round "4.6"]
[White "Almagro Llanas, Pablo"]
[Black "Taboas Rodriguez, Daniel"]
[Result "0-1"]
[WhiteElo "2488"]
[BlackElo "2370"]
[PlyCount "89"]
[EventDate "2009.02.24"]
[EventType "tourn"]
[EventRounds "11"]
[EventCountry "ESP"]
[EventCategory "3"]
[Source "lmi"]
[SourceDate "2009.02.24"]

1. e4 e5 2. Nf3 Nc6 3. Bb5 a6 4. Ba4 d6 5. O-O Bd7 6. c3 g6 7. d4 Bg7 8. Be3
Nf6 9. dxe5 dxe5 10. Bb3 Qe7 11. Nbd2 O-O 12. h3 Rad8 13. a4 Nh5 14. Re1 Nf4
15. Bxf4 exf4 16. e5 Rfe8 17. e6 Bxe6 18. Bxe6 fxe6 19. Re4 Kh8 20. Qb3 Na5 21.
Qa2 e5 22. Rae1 Qe6 23. Qxe6 Rxe6 24. Nc4 Nxc4 25. Rxc4 Rc6 26. Rxc6 bxc6 27.
Kf1 Rb8 28. Re2 Kg8 29. Ng5 Rd8 30. Ke1 Rd6 31. Re4 h6 32. Nf3 c5 33. Nd2 Kf7
34. Re2 Ke6 35. Ne4 Rc6 36. Rd2 Bf8 37. Rd8 Be7 38. Ra8 Rb6 39. Nd2 Rxb2 40.
Rxa6+ Bd6 41. c4 e4 42. Nxe4 Ke5 43. Nc3 Kd4 44. Nb5+ Kd3 45. f3 0-1

[Event "Campeonato de Madrid 2008/2009"]
[Site "Madrid ESP"]
[Date "2009.03.03"]
[Round "5.1"]
[White "Taboas Rodriguez, Daniel"]
[Black "Ramirez Garcia, Jorge Alberto"]
[Result "0-1"]
[WhiteElo "2370"]
[BlackElo "2233"]
[PlyCount "106"]
[EventDate "2009.02.24"]
[EventType "tourn"]
[EventRounds "11"]
[EventCountry "ESP"]
[EventCategory "3"]
[Source "lmi"]
[SourceDate "2009.02.24"]

1. d4 d5 2. Nf3 Nf6 3. c4 e6 4. Nc3 Bb4 5. a3 Bxc3+ 6. bxc3 c5 7. e3 Qc7 8. Bd3
O-O 9. Qb3 b6 10. cxd5 exd5 11. Qb1 Ba6 12. Bxa6 Nxa6 13. O-O c4 14. Ne5 Ne4
15. f3 Nec5 16. e4 Nb3 17. Ra2 f6 18. Ng4 Qd6 19. a4 Rfe8 20. Ba3 Qd7 21. h3
Nc7 22. Bc1 b5 23. axb5 Nxb5 24. Qc2 h5 25. Nf2 a5 26. Bf4 a4 27. e5 Qc7 28.
Nd1 Re6 29. Qf5 Qf7 30. Qc2 a3 31. Bg3 f5 32. Bf4 Rf8 33. Bc1 Qa7 34. Kh2 f4
35. Re1 g5 36. Rg1 g4 37. g3 h4 38. Bxf4 N3xd4 39. cxd4 Nxd4 40. Be3 Nxf3+ 41.
Kh1 Qc7 42. Rxa3 Qxe5 43. Ra7 Qe4 44. Qxe4 Rxe4 45. gxh4 Nxg1 46. Kxg1 Rf3 47.
Rd7 c3 48. Nxc3 Rexe3 49. Nxd5 Re1+ 50. Kg2 Re2+ 51. Kg1 gxh3 52. Rd8+ Kf7 53.
Kh1 Rf1# 0-1

[Event "Campeonato de Madrid 2008/2009"]
[Site "Madrid ESP"]
[Date "2009.03.03"]
[Round "5.2"]
[White "Longa Yauca, Javier"]
[Black "Almagro Llanas, Pablo"]
[Result "0-1"]
[WhiteElo "2312"]
[BlackElo "2488"]
[PlyCount "140"]
[EventDate "2009.02.24"]
[EventType "tourn"]
[EventRounds "11"]
[EventCountry "ESP"]
[EventCategory "3"]
[Source "lmi"]
[SourceDate "2009.02.24"]

1. d4 d5 2. Nf3 Nf6 3. e3 Bf5 4. c4 c6 5. Nc3 e6 6. Bd3 Bxd3 7. Qxd3 Bb4 8. O-O
O-O 9. Bd2 a5 10. Rfd1 Nbd7 11. a3 Be7 12. e4 dxe4 13. Nxe4 Nxe4 14. Qxe4 a4
15. Bc3 Nf6 16. Qe2 Qc7 17. Rd3 Rfd8 18. Rad1 b5 19. c5 Nd5 20. g3 Bf6 21. Nd2
b4 22. axb4 Qb7 23. Ne4 Be7 24. Ra1 Nxb4 25. Rdd1 Nd5 26. Ra3 Qb5 27. Qe1 Ra6
28. Rda1 Rda8 29. Nd2 Nc7 30. Qf1 Qxf1+ 31. Kxf1 Nb5 32. R3a2 e5 33. dxe5 Nxc3
34. bxc3 Bxc5 35. Ne4 Bf8 36. Ke2 a3 37. f4 Ra4 38. Nd6 f6 39. Kd3 R4a5 40. Nc4
Rc5 41. Nd6 fxe5 42. fxe5 Rxe5 43. Nc4 Rc5 44. Nd2 g6 45. Kc2 Rf5 46. Rf1 Rxf1
47. Nxf1 Re8 48. Kd3 Kf7 49. Ne3 Ra8 50. Nc4 Ke6 51. g4 Bc5 52. h3 Kf6 53. Nd2
Ke5 54. Nb3 Rd8+ 55. Kc4 Bf8 56. Nd4 Rc8 57. Rf2 Ke4 58. Nb3 Ra8 59. Nc1 Bh6
60. Na2 Bf4 61. Nb4 g5 62. Re2+ Kf3 63. Re7 a2 64. Nxa2 Rxa2 65. Rxh7 Kg3 66.
Kc5 Rh2 67. Kxc6 Rxh3 68. Rg7 Kxg4 69. c4 Rc3 70. Kd5 Kf3 0-1

[Event "Campeonato de Madrid 2008/2009"]
[Site "Madrid ESP"]
[Date "2009.03.03"]
[Round "5.3"]
[White "Hernandez Gallardo, Francisco Javier"]
[Black "Vazquez Torres, Adrian"]
[Result "1-0"]
[WhiteElo "2281"]
[BlackElo "2065"]
[PlyCount "97"]
[EventDate "2009.02.24"]
[EventType "tourn"]
[EventRounds "11"]
[EventCountry "ESP"]
[EventCategory "3"]
[Source "lmi"]
[SourceDate "2009.02.24"]

1. e4 c5 2. Nf3 e6 3. d3 Nc6 4. g3 d5 5. Nbd2 Nf6 6. Bg2 Qc7 7. O-O Be7 8. Re1
b5 9. Nf1 Bb7 10. Qe2 O-O 11. Bf4 Qb6 12. e5 Nd7 13. h4 c4 14. dxc4 bxc4 15. h5
Ba6 16. c3 Nc5 17. Be3 Qc7 18. Bxc5 Bxc5 19. b4 Be7 20. h6 g6 21. a4 Bb7 22.
Red1 Rfd8 23. N1h2 Rac8 24. Qe3 Qb6 25. Qf4 Nb8 26. Ng4 Nd7 27. a5 Qc7 28. Nd4
a6 29. Re1 Bc6 30. Nxc6 Qxc6 31. Bf3 Qc7 32. Bd1 Rf8 33. Ba4 f5 34. exf6 Nxf6
35. Qd4 Qd6 36. Re2 Nh5 37. Rae1 Bf6 38. Nxf6+ Rxf6 39. Qg4 Kf7 40. Re5 Rg8 41.
Kg2 Rf5 42. Rxe6 Qxe6 43. Rxe6 Kxe6 44. Qd4 Rd8 45. Qb6+ Rd6 46. Qb8 Nf6 47.
Qc8+ Ke5 48. f4+ Ke4 49. Qc5 1-0

[Event "Campeonato de Madrid 2008/2009"]
[Site "Madrid ESP"]
[Date "2009.03.03"]
[Round "5.4"]
[White "Roa Alonso, Santiago"]
[Black "Peñalosa Pinilla, Jesus"]
[Result "1/2-1/2"]
[WhiteElo "2458"]
[BlackElo "2228"]
[PlyCount "115"]
[EventDate "2009.02.24"]
[EventType "tourn"]
[EventRounds "11"]
[EventCountry "ESP"]
[EventCategory "3"]
[Source "lmi"]
[SourceDate "2009.02.24"]

1. c4 e5 2. Nc3 Nc6 3. g3 g6 4. Bg2 Bg7 5. Nf3 d6 6. O-O Nge7 7. Rb1 a5 8. a3
O-O 9. d3 h6 10. b4 axb4 11. axb4 f5 12. b5 Nb8 13. Bb2 Nd7 14. Nd2 Nf6 15. Ra1
Rb8 16. Ra7 g5 17. Qb3 Kh8 18. Ba3 b6 19. Nd5 Nexd5 20. cxd5 Rb7 21. Ra8 Qe7
22. Qa4 Nd7 23. Nc4 e4 24. dxe4 fxe4 25. Qc2 Nc5 26. e3 Bf5 27. Rxf8+ Qxf8 28.
Bxc5 bxc5 29. Bxe4 Bxe4 30. Qxe4 Rxb5 31. Rb1 Rxb1+ 32. Qxb1 Qa8 33. Qe4 Qa4
34. Kg2 Qb4 35. h4 gxh4 36. Qxh4 Qc3 37. Qe4 Qb4 38. Qd3 Kg8 39. Qe4 Qc3 40.
Kh3 Qe1 41. Qe6+ Kh8 42. Qc8+ Kh7 43. Qf5+ Kh8 44. Kg2 Qc3 45. Qe4 Qb4 46. f4
Qe1 47. Qd3 Qb4 48. Kh3 Qe1 49. Kg4 Qa1 50. Qe2 Qh1 51. e4 Kg8 52. Kf5 Qa1 53.
e5 dxe5 54. fxe5 Qb1+ 55. Ke6 Qb8 56. Kd7 Qb7 57. Kd8 Qxd5+ 58. Kxc7 1/2-1/2

[Event "Campeonato de Madrid 2008/2009"]
[Site "Madrid ESP"]
[Date "2009.03.03"]
[Round "5.5"]
[White "Fraga Castro, Jose Carlos"]
[Black "Candela Perez, Jose"]
[Result "0-1"]
[WhiteElo "2187"]
[BlackElo "2411"]
[PlyCount "143"]
[EventDate "2009.02.24"]
[EventType "tourn"]
[EventRounds "11"]
[EventCountry "ESP"]
[EventCategory "3"]
[Source "lmi"]
[SourceDate "2009.02.24"]

1. e4 c5 2. Nc3 Nc6 3. Nf3 e6 4. d4 cxd4 5. Nxd4 Nf6 6. Ndb5 Bb4 7. a3 Bxc3+ 8.
Nxc3 d5 9. exd5 exd5 10. Bd3 O-O 11. O-O d4 12. Ne2 h6 13. Re1 Qb6 14. b4 Bg4
15. Bb2 Rad8 16. h3 Bh5 17. Qd2 Rfe8 18. Nf4 Ne5 19. Nxh5 Nxh5 20. Re4 Nxd3 21.
Qxd3 Qc6 22. Rae1 Nf4 23. Rxe8+ Rxe8 24. Rxe8+ Qxe8 25. Qd2 Qe5 26. h4 g5 27.
g3 Ne6 28. hxg5 hxg5 29. Qd3 g4 30. Kf1 Qd5 31. Ke2 b5 32. f3 gxf3+ 33. Qxf3
Qa2 34. Qg4+ Kf8 35. Bxd4 Qxc2+ 36. Ke3 Qc1+ 37. Ke2 Qxa3 38. Bc5+ Nxc5 39.
Qc8+ Kg7 40. Qg4+ Kf6 41. Qd4+ Ke6 42. Qxc5 Qa2+ 43. Ke3 Qb3+ 44. Kf2 Qc4 45.
Qe3+ Kd5 46. Qf3+ Ke6 47. Qe3+ Kf6 48. Qxa7 Qxb4 49. Qb6+ Kg7 50. Qe3 Qb2+ 51.
Kg1 Qb1+ 52. Kg2 Qc2+ 53. Kg1 Qd1+ 54. Kf2 Qd5 55. g4 b4 56. Kg3 Qd6+ 57. Kg2
Qc6+ 58. Kg1 Qd5 59. Kf2 b3 60. Qc3+ Kg6 61. Kg3 f6 62. Kf2 Qb5 63. Qc8 Kf7 64.
Qc7+ Ke6 65. Qc8+ Kf7 66. Qc7+ Kg6 67. Qc8 Kg5 68. Ke3 b2 69. Qg8+ Kh4 70. Qh8+
Kg3 71. Qxf6 Qe8+ 72. Kd4 0-1

[Event "Campeonato de Madrid 2008/2009"]
[Site "Madrid ESP"]
[Date "2009.03.03"]
[Round "5.6"]
[White "Bolado Saez, Sergio"]
[Black "Elissalt Cardenas, Hector"]
[Result "1-0"]
[WhiteElo "2328"]
[BlackElo "2286"]
[PlyCount "89"]
[EventDate "2009.02.24"]
[EventType "tourn"]
[EventRounds "11"]
[EventCountry "ESP"]
[EventCategory "3"]
[Source "lmi"]
[SourceDate "2009.02.24"]

1. d4 e6 2. e4 c5 3. d5 exd5 4. exd5 d6 5. Nf3 Nf6 6. Be2 Be7 7. Nc3 Na6 8. Nd2
Nc7 9. Nc4 O-O 10. O-O Bd7 11. a4 Nfe8 12. Bf4 f5 13. h3 Rf7 14. Re1 g5 15. Bd2
Rg7 16. Ra3 b6 17. Bf3 Rb8 18. g3 a6 19. Ra1 Nf6 20. Bg2 Bf8 21. f4 g4 22. h4
Nh5 23. Ne2 Rg6 24. Be3 Qf6 25. c3 Qf7 26. a5 b5 27. Nb6 Na8 28. Nxd7 Qxd7 29.
b4 Nc7 30. Qb3 Re8 31. Bf2 Nf6 32. bxc5 dxc5 33. c4 b4 34. Nc1 Rxe1+ 35. Bxe1
Bg7 36. Ra2 Qd6 37. Qd3 Qd7 38. Bf2 Bf8 39. Re2 Nh5 40. Nb3 Bd6 41. Nxc5 Qf7
42. Ne6 Nxe6 43. dxe6 Qe7 44. Qxf5 Ng7 45. Qd5 1-0

[Event "Campeonato de Madrid 2008/2009"]
[Site "Madrid ESP"]
[Date "2009.03.04"]
[Round "6.1"]
[White "Ramirez Garcia, Jorge Alberto"]
[Black "Elissalt Cardenas, Hector"]
[Result "0-1"]
[WhiteElo "2233"]
[BlackElo "2286"]
[PlyCount "122"]
[EventDate "2009.02.24"]
[EventType "tourn"]
[EventRounds "11"]
[EventCountry "ESP"]
[EventCategory "3"]
[Source "lmi"]
[SourceDate "2009.02.24"]

1. Nf3 e6 2. c4 f5 3. g3 Nf6 4. Bg2 d6 5. d4 Be7 6. O-O O-O 7. Nc3 Qe8 8. Qc2
Qg6 9. b4 a5 10. bxa5 Rxa5 11. Bd2 Ra6 12. Nb5 Bd8 13. c5 Bd7 14. a4 Ne4 15.
Bf4 Qe8 16. cxd6 cxd6 17. Nd2 Nxd2 18. Qxd2 Bxb5 19. axb5 Rb6 20. Rfb1 Nd7 21.
Ra7 d5 22. Qd3 Nf6 23. Bd2 Rf7 24. Ra8 Rd6 25. Rc1 b6 26. Rcc8 Rb7 27. Bf4 Rdd7
28. Qa3 Kf7 29. Qa6 Qe7 30. Rxd8 Rxd8 31. Rxd8 Ra7 32. Rc8 Rxa6 33. bxa6 Ne8
34. Rb8 Qa3 35. Rxb6 Nf6 36. Be5 Qa1+ 37. Bf1 Ne4 38. Bf4 g5 39. Be3 Kf6 40.
Kg2 Qa5 41. Rc6 Qb5 42. Rc7 Qxa6 43. f3 Qa3 44. Bg1 Nd2 45. e3 f4 46. gxf4 gxf4
47. Bb5 fxe3 48. Be8 e5 49. f4 exf4 50. Rf7+ Ke6 51. Rxf4 e2 52. Bf2 Ne4 53.
Bh4 Qe3 54. Rf7 e1=Q 55. Re7+ Kf5 56. Bd7+ Kg6 57. Re6+ Kh5 58. Bxe1 Qxe1 59.
Re5+ Kh6 60. Rxd5 Qf2+ 61. Kh3 Ng5+ 0-1

[Event "Campeonato de Madrid 2008/2009"]
[Site "Madrid ESP"]
[Date "2009.03.04"]
[Round "6.2"]
[White "Candela Perez, Jose"]
[Black "Bolado Saez, Sergio"]
[Result "1/2-1/2"]
[WhiteElo "2411"]
[BlackElo "2328"]
[PlyCount "130"]
[EventDate "2009.02.24"]
[EventType "tourn"]
[EventRounds "11"]
[EventCountry "ESP"]
[EventCategory "3"]
[Source "lmi"]
[SourceDate "2009.02.24"]

1. e4 c5 2. Nf3 d6 3. Bb5+ Nd7 4. d4 cxd4 5. Qxd4 a6 6. Bxd7+ Bxd7 7. Nc3 e6 8.
Bg5 Nf6 9. e5 dxe5 10. Nxe5 Bc6 11. Nxc6 bxc6 12. Qc4 Qc7 13. Bxf6 gxf6 14. O-O
Bg7 15. Qc5 Bf8 16. Qc4 Bg7 17. Rad1 O-O 18. Rd3 f5 19. Na4 a5 20. Rfd1 Rab8
21. b3 Rfd8 22. g3 Rxd3 23. Qxd3 c5 24. Qd6 Qxd6 25. Rxd6 c4 26. Kf1 Be5 27.
Rc6 cxb3 28. axb3 Bd4 29. Ke2 Rb5 30. f4 Bg1 31. Rd6 h5 32. Kf1 Be3 33. Ke2 Bg1
34. Kf1 Be3 35. Rd3 Ba7 36. Rd7 Be3 37. Nb2 Bc5 38. Ke2 f6 39. Na4 Bg1 40. Kf1
Be3 41. Rd3 Bc1 42. Ke2 e5 43. Kd1 Ba3 44. Nc3 Rb7 45. Rd5 Bb4 46. Ne2 e4 47.
c3 Be7 48. Kc2 a4 49. b4 Rc7 50. Kb2 Kf7 51. Ka3 Ke6 52. Rd1 Ra7 53. Nd4+ Kf7
54. Ne2 Ra8 55. c4 Rc8 56. c5 Bxc5 57. bxc5 Rxc5 58. Kxa4 Rc2 59. Re1 Kg6 60.
Kb3 Rd2 61. h4 Rd3+ 62. Kc2 Re3 63. Kc1 Kh6 64. Kd1 Rd3+ 65. Kc2 Re3 1/2-1/2

[Event "Campeonato de Madrid 2008/2009"]
[Site "Madrid ESP"]
[Date "2009.03.04"]
[Round "6.3"]
[White "Peñalosa Pinilla, Jesus"]
[Black "Fraga Castro, Jose Carlos"]
[Result "0-1"]
[WhiteElo "2228"]
[BlackElo "2187"]
[PlyCount "74"]
[EventDate "2009.02.24"]
[EventType "tourn"]
[EventRounds "11"]
[EventCountry "ESP"]
[EventCategory "3"]
[Source "lmi"]
[SourceDate "2009.02.24"]

1. e4 g6 2. d4 Bg7 3. Nc3 c5 4. Nge2 cxd4 5. Nxd4 Nc6 6. Nb3 Nf6 7. Be2 O-O 8.
O-O a5 9. a4 Nb4 10. Bf3 d6 11. Nb5 Be6 12. c3 Bxb3 13. Qxb3 Nd3 14. Be3 Ne5
15. Qd1 Qc8 16. Re1 Qc6 17. Bg5 h6 18. Bh4 Rad8 19. h3 Rfe8 20. Bg3 Nxf3+ 21.
Qxf3 d5 22. exd5 Nxd5 23. Rad1 e5 24. Rd2 Nb6 25. Rxd8 Rxd8 26. b3 Qxf3 27.
gxf3 g5 28. Re3 f6 29. c4 Bf8 30. h4 Kf7 31. Nc3 Bc5 32. Re2 Rd3 33. Ne4 Nd7
34. hxg5 hxg5 35. Nxc5 Nxc5 36. Bxe5 fxe5 37. Rxe5 b6 0-1

[Event "Campeonato de Madrid 2008/2009"]
[Site "Madrid ESP"]
[Date "2009.03.04"]
[Round "6.4"]
[White "Vazquez Torres, Adrian"]
[Black "Roa Alonso, Santiago"]
[Result "0-1"]
[WhiteElo "2065"]
[BlackElo "2458"]
[PlyCount "74"]
[EventDate "2009.02.24"]
[EventType "tourn"]
[EventRounds "11"]
[EventCountry "ESP"]
[EventCategory "3"]
[Source "lmi"]
[SourceDate "2009.02.24"]

1. e4 c5 2. Nf3 d6 3. d4 cxd4 4. Nxd4 Nf6 5. Nc3 a6 6. Bc4 e6 7. Bb3 Nbd7 8. f4
Nc5 9. f5 e5 10. Nde2 Nxb3 11. axb3 d5 12. Bg5 d4 13. Nd5 Be7 14. Nxe7 Qxe7 15.
Ng3 h6 16. Bxf6 gxf6 17. O-O Bd7 18. Nh5 O-O-O 19. Rf3 Rhg8 20. Rh3 Bc6 21. Qe2
Kb8 22. Re1 Rg5 23. Ng3 Qb4 24. Nf1 Bb5 25. Qd2 Rxg2+ 26. Qxg2 Qxe1 27. Rg3 d3
28. Rg8 Rxg8 29. Qxg8+ Ka7 30. Qc8 Qxf1+ 31. Kxf1 d2+ 32. Kf2 d1=Q 33. Qc5+ Kb8
34. Qf8+ Kc7 35. Qxf7+ Qd7 36. Qxf6 Qd2+ 37. Kg3 Qf4+ 0-1

[Event "Campeonato de Madrid 2008/2009"]
[Site "Madrid ESP"]
[Date "2009.03.04"]
[Round "6.5"]
[White "Almagro Llanas, Pablo"]
[Black "Hernandez Gallardo, Francisco Javier"]
[Result "1-0"]
[WhiteElo "2488"]
[BlackElo "2281"]
[PlyCount "83"]
[EventDate "2009.02.24"]
[EventType "tourn"]
[EventRounds "11"]
[EventCountry "ESP"]
[EventCategory "3"]
[Source "lmi"]
[SourceDate "2009.02.24"]

1. e4 e6 2. d4 d5 3. Nc3 Bb4 4. e5 c5 5. a3 Bxc3+ 6. bxc3 Ne7 7. Nf3 Qc7 8. h4
b6 9. h5 h6 10. Rh4 Ba6 11. Bxa6 Nxa6 12. Rg4 cxd4 13. cxd4 Nf5 14. Qd3 Nb8 15.
Nh4 Nxh4 16. Rxh4 O-O 17. Rg4 Kh8 18. a4 Nc6 19. Bd2 Qe7 20. Qg3 Rg8 21. Ra3
Qe8 22. Rf4 Rc8 23. Raf3 Ne7 24. Rxf7 Nf5 25. Qg6 Nh4 26. Bxh6 Nxg6 27. hxg6
Qxf7 28. gxf7 gxh6 29. fxg8=Q+ Kxg8 30. Kd2 Rc4 31. Kd3 Rxa4 32. Rf6 Ra3+ 33.
Kd2 Ra4 34. Kd3 Ra3+ 35. Kd2 Ra4 36. Kc3 Rc4+ 37. Kd3 Rc6 38. f4 a5 39. f5 a4
40. fxe6 a3 41. e7 Rc8 42. Rf8+ 1-0

[Event "Campeonato de Madrid 2008/2009"]
[Site "Madrid ESP"]
[Date "2009.03.05"]
[Round "7.1"]
[White "Longa Yauca, Javier"]
[Black "Ramirez Garcia, Jorge Alberto"]
[Result "1-0"]
[WhiteElo "2312"]
[BlackElo "2233"]
[PlyCount "119"]
[EventDate "2009.02.24"]
[EventType "tourn"]
[EventRounds "11"]
[EventCountry "ESP"]
[EventCategory "3"]
[Source "lmi"]
[SourceDate "2009.02.24"]

1. d4 d5 2. c4 e6 3. Nc3 Nf6 4. Bg5 Nbd7 5. e3 Bb4 6. Qb3 c5 7. cxd5 exd5 8. a3
Qa5 9. Rc1 Bxc3+ 10. Qxc3 Qxc3+ 11. bxc3 c4 12. f3 b5 13. Kd2 O-O 14. Rb1 a6
15. Be2 Re8 16. Bd1 Nb6 17. Bc2 Bd7 18. Ne2 Bc6 19. g4 Nfd7 20. Bf4 Ra7 21. Ng3
g6 22. h4 Nf8 23. Rhg1 f6 24. h5 Kf7 25. Bd6 Nbd7 26. hxg6+ hxg6 27. f4 Ne6 28.
Rh1 Ng7 29. Rh6 Ke6 30. Rxg6 Kxd6 31. Rxg7 Rh8 32. Bh7 a5 33. Nh5 b4 34. Bc2 b3
35. Bf5 Rb7 36. Rh7 Rbb8 37. Rxh8 Rxh8 38. Rh1 Nb6 39. g5 Bd7 40. Bxd7 Nxd7 41.
g6 Ke7 42. f5 Nb6 43. Rh3 Na4 44. g7 Rb8 45. Nxf6 b2 46. g8=Q Rxg8 47. Nxg8+
Kf8 48. Kc2 Kxg8 49. e4 dxe4 50. d5 Kf7 51. d6 Kf6 52. Rh7 Nxc3 53. Kxb2 Na4+
54. Kc2 Nc5 55. d7 Nb7 56. Kc3 Kxf5 57. Rh8 e3 58. d8=Q Nxd8 59. Rxd8 Kf4 60.
Kxc4 1-0

[Event "Campeonato de Madrid 2008/2009"]
[Site "Madrid ESP"]
[Date "2009.03.05"]
[Round "7.2"]
[White "Hernandez Gallardo, Francisco Javier"]
[Black "Taboas Rodriguez, Daniel"]
[Result "1/2-1/2"]
[WhiteElo "2281"]
[BlackElo "2370"]
[PlyCount "133"]
[EventDate "2009.02.24"]
[EventType "tourn"]
[EventRounds "11"]
[EventCountry "ESP"]
[EventCategory "3"]
[Source "lmi"]
[SourceDate "2009.02.24"]

1. Nf3 Nf6 2. c4 g6 3. Nc3 Bg7 4. d4 O-O 5. Bg5 c5 6. d5 d6 7. e3 e5 8. Be2 h6
9. Bh4 Qe8 10. Nd2 a6 11. g4 Kh8 12. h3 Nh7 13. Nde4 Qd7 14. Qc2 f5 15. gxf5
gxf5 16. Ng3 b5 17. Nh5 Rg8 18. Rg1 Qf7 19. O-O-O Nd7 20. Nxg7 Rxg7 21. Rxg7
Kxg7 22. Rg1+ Kh8 23. cxb5 Nb6 24. bxa6 c4 25. Na4 Nxa4 26. Qxa4 Rxa6 27. Qxc4
Bb7 28. Qb4 Rxa2 29. Kb1 Bxd5 30. Qxd6 Be4+ 31. Bd3 Bxd3+ 32. Qxd3 Ra8 33. Kc2
Nf6 34. Bxf6+ Qxf6 35. Qd7 Rb8 36. Qc7 Rf8 37. f4 exf4 38. exf4 Re8 39. Rg2 Qd4
40. Qc3 Qxc3+ 41. Kxc3 Re3+ 42. Kd4 Re4+ 43. Kc5 Rxf4 44. b4 Rf3 45. h4 Rc3+
46. Kd5 Rb3 47. Kc4 Rh3 48. Kc5 Rc3+ 49. Kd5 Rb3 50. Kc4 Rh3 51. b5 Rxh4+ 52.
Kc5 Rh1 53. Rb2 Rc1+ 54. Kd6 Rd1+ 55. Ke5 Kg7 56. b6 Rd8 57. b7 Rb8 58. Kd6 Kf6
59. Kc7 Rxb7+ 60. Kxb7 Ke5 61. Kc6 f4 62. Kc5 f3 63. Kc4 Ke4 64. Rh2 Ke3 65.
Rxh6 f2 66. Rf6 Ke2 67. Rxf2+ 1/2-1/2

[Event "Campeonato de Madrid 2008/2009"]
[Site "Madrid ESP"]
[Date "2009.03.05"]
[Round "7.3"]
[White "Roa Alonso, Santiago"]
[Black "Almagro Llanas, Pablo"]
[Result "0-1"]
[WhiteElo "2458"]
[BlackElo "2488"]
[PlyCount "88"]
[EventDate "2009.02.24"]
[EventType "tourn"]
[EventRounds "11"]
[EventCountry "ESP"]
[EventCategory "3"]
[Source "lmi"]
[SourceDate "2009.02.24"]

1. e4 c6 2. d3 d5 3. Nd2 e5 4. Ngf3 Bd6 5. g3 Ne7 6. Bg2 O-O 7. O-O Nd7 8. b3
a5 9. a3 d4 10. Nh4 a4 11. b4 c5 12. Nc4 Bc7 13. bxc5 Nxc5 14. Rb1 Be6 15. f4
exf4 16. gxf4 f5 17. Nxf5 Nxf5 18. exf5 Bd5 19. Bxd5+ Qxd5 20. Nb6 Bxb6 21.
Rxb6 Ra6 22. Rxa6 Nxa6 23. Re1 Rxf5 24. Re8+ Rf8 25. Qe2 Nc7 26. Re7 Rf6 27. f5
Qxf5 28. Rxc7 Rg6+ 29. Kh1 Re6 30. Rc8+ Kf7 31. Rc7+ Ke8 32. Rc5 Rxe2 33. Rxf5
Re1+ 34. Kg2 Rxc1 35. Re5+ Kd7 36. Rc5 Kd6 37. Rc8 Ra1 38. Kf3 Rxa3 39. Ke4 Rc3
40. Ra8 b5 41. Kxd4 Rxc2 42. Ra6+ Kc7 43. Ra7+ Kb6 44. Rxg7 a3 0-1

[Event "Campeonato de Madrid 2008/2009"]
[Site "Madrid ESP"]
[Date "2009.03.05"]
[Round "7.4"]
[White "Fraga Castro, Jose Carlos"]
[Black "Vazquez Torres, Adrian"]
[Result "1/2-1/2"]
[WhiteElo "2187"]
[BlackElo "2065"]
[PlyCount "31"]
[EventDate "2009.02.24"]
[EventType "tourn"]
[EventRounds "11"]
[EventCountry "ESP"]
[EventCategory "3"]
[Source "lmi"]
[SourceDate "2009.02.24"]

1. b3 d5 2. Bb2 Nf6 3. Nf3 e6 4. e3 Be7 5. d4 Nbd7 6. Bd3 b6 7. O-O O-O 8. Nbd2
Bb7 9. Ne5 c5 10. f4 Ne4 11. c4 f5 12. Nxd7 Qxd7 13. Nf3 Bf6 14. Qe2 Rac8 15.
Rfd1 Qe7 16. Rac1 1/2-1/2

[Event "Campeonato de Madrid 2008/2009"]
[Site "Madrid ESP"]
[Date "2009.03.05"]
[Round "7.6"]
[White "Elissalt Cardenas, Hector"]
[Black "Candela Perez, Jose"]
[Result "1/2-1/2"]
[WhiteElo "2286"]
[BlackElo "2411"]
[PlyCount "99"]
[EventDate "2009.02.24"]
[EventType "tourn"]
[EventRounds "11"]
[EventCountry "ESP"]
[EventCategory "3"]
[Source "lmi"]
[SourceDate "2009.02.24"]

1. d4 Nf6 2. Nf3 g6 3. g3 Bg7 4. Bg2 d6 5. O-O O-O 6. c4 c6 7. Nc3 Qa5 8. h3 e5
9. dxe5 dxe5 10. Be3 Be6 11. Nd2 Nbd7 12. Qc1 Nh5 13. Nce4 f5 14. Ng5 Rae8 15.
Nb3 Qb4 16. Nxe6 Rxe6 17. Rd1 Nhf6 18. Bxa7 b6 19. c5 Nxc5 20. Nxc5 Qxc5 21.
Qxc5 bxc5 22. Bxc5 Rb8 23. Rd2 e4 24. e3 Nd5 25. Bf1 Rxb2 26. Rxb2 Bxb2 27. Rb1
Bc3 28. Bc4 Kg7 29. Rb7+ Kf6 30. Bf8 Kg5 31. h4+ Kg4 32. Kg2 f4 33. gxf4 Re8
34. Bc5 Nf6 35. Bf7 Ra8 36. Rb3 Ba1 37. Rb1 Bc3 38. Rc1 Bb2 39. Rc2 Ba1 40. h5
Kf5 41. hxg6 hxg6 42. Bd6 Ra6 43. Bc4 Ra5 44. a3 Nd5 45. Be2 Bc3 46. Kg3 Ke6
47. Bf8 Kf7 48. Bd6 Ke6 49. Bf8 Kf7 50. Bd6 1/2-1/2

[Event "Campeonato de Madrid 2008/2009"]
[Site "Madrid ESP"]
[Date "2009.03.06"]
[Round "8.1"]
[White "Ramirez Garcia, Jorge Alberto"]
[Black "Candela Perez, Jose"]
[Result "0-1"]
[WhiteElo "2233"]
[BlackElo "2411"]
[PlyCount "90"]
[EventDate "2009.02.24"]
[EventType "tourn"]
[EventRounds "11"]
[EventCountry "ESP"]
[EventCategory "3"]
[Source "lmi"]
[SourceDate "2009.02.24"]

1. e4 e5 2. Nf3 Nc6 3. d4 exd4 4. Nxd4 Bb4+ 5. c3 Bc5 6. Bc4 d6 7. O-O Nf6 8.
Bg5 h6 9. Bh4 Ne5 10. Qe2 O-O 11. Bb3 Ng6 12. Bg3 Re8 13. Nd2 Bb6 14. Kh1 d5
15. e5 c5 16. Nc2 Bg4 17. f3 Bd7 18. Ne1 Nh5 19. f4 Nxg3+ 20. hxg3 Ne7 21. c4
Nf5 22. Kh2 Nd4 23. Qh5 g6 24. Qh4 Qc8 25. g4 Bxg4 26. cxd5 Be2 27. Rh1 c4 28.
Bc2 Nxc2 29. Nxc2 Qf5 30. Qxh6 Qxc2 31. Kg3 Bh5 32. Qg5 Bd8 33. Qh6 Qxd2 34.
Rxh5 Qe3+ 35. Kh2 gxh5 36. e6 Rxe6 37. dxe6 Qxe6 38. Qxh5 Bf6 39. Rf1 Kg7 40.
Kg3 Rh8 41. Qb5 Qe3+ 42. Rf3 Qe1+ 43. Rf2 Bh4+ 44. Kg4 Qxf2 45. Qe5+ Bf6 0-1